000 00476nam a22001577a 4500
003 OSt
005 20251124145042.0
008 251124b |||||||| |||| 00| 0 eng d
020 _a978-0-385-73536-0
040 _cCL
100 _aSCOTT, MICHAEL
245 _aThe enchantress :
_b the secrets of the immortal Nicholas Flamel /
260 _aNew York :
_bEmber,
_cc2012.
300 _a517 pages :
_b20 cm. --
_e(The New York Times bestselling series)
942 _2ddc
_cFIC.
_n0
999 _c6108
_d6108